A writer's handbook for engineers /

Đã lưu trong:
书目详细资料
主要作者: McMurrey, David.
格式: Sách giấy
出版: Mason, OH : Thomson, 2007.
版:International student ed.
标签: 添加标签
没有标签, 成为第一个标记此记录!
Thư viện lưu trữ: Thư viện Trường Đại học Đà Lạt
LEADER 00728nam a2200289 4500
001 DLU100113777
005 ##20101201
008 ##070713s2007 ohu 000 0 eng
010 # # |a  2007932904 
020 # # |a 0495296015 
040 # # |a DLC  |c DLC 
082 # # |a 808.066  |b MC-D 
100 # # |a McMurrey, David. 
245 # # |a A writer's handbook for engineers /  |c David McMurrey. 
250 # # |a International student ed. 
260 # # |a Mason, OH :  |b Thomson,  |c 2007. 
300 # # |a xxiv, 588 p. ;  |c 21 cm. 
923 # # |a 12/2010 
992 # # |a 862095 
994 # # |a DLU 
900 # # |a True 
911 # # |a Đào Thị Thu Huyền 
925 # # |a G 
926 # # |a A 
927 # # |a SH 
980 # # |a Thư viện Trường Đại học Đà Lạt